Flagi państw z gwiazdami (na swojej fladze) - Statystyki

Ogólne statystyki
  • Ten quiz został rozwiązany 166 razy
    145 od ostatniego zresetowania
  • Średni wynik to 36 z 62
Statystyki odpowiedzi
Obrazkowy Odpowiedź % Poprawnych
Brazylia
96%
Chiny
94%
Chile
93%
Algieria
92%
Bośnia i Hercegowina
92%
Australia
91%
Angola
84%
Kosowo
80%
Korea Północna
79%
Maroko
79%
Nowa Zelandia
78%
Filipiny
77%
Demokratyczna Republika Konga
75%
Etiopia
74%
Kuba
73%
Burkina Faso
71%
Ghana
71%
Honduras
71%
Pakistan
71%
Panama
71%
Kamerun
69%
Papua-Nowa Gwinea
69%
Dominika
67%
Liberia
64%
Libia
64%
Mikronezja
64%
Mozambik
63%
Singapur
62%
Somalia
62%
Republika Środkowoafrykańska
59%
Dżibuti
58%
Mauretania
58%
Senegal
57%
Turcja
56%
Grenada
55%
Komory
55%
Syria
52%
Tunezja
51%
Republika Zielonego Przylądka
50%
Samoa
50%
Wenezuela
48%
Gwinea Bissau
47%
Wietnam
47%
Turkmenistan
45%
Tadżykistan
44%
Uzbekistan
44%
Saint Kitts i Nevis
42%
Sudan Południowy
39%
Togo
39%
Surinam
38%
Timor Wschodni
38%
Cypr Północny
36%
Tuvalu
36%
Abchazja
32%
Zimbabwe
31%
Wyspy Salomona
30%
Sahara Zachodnia
24%
Stany Zjednoczone Ameryki
24%
Niue
23%
Wyspy Cooka
23%
Wyspy Świętego Tomasza i Książęca
22%
Myanmar
18%
Nie znaleziono quizów pasujących do podanych kryteriów
Rozkład punktacji
Procent ludzi z każdym wynikiem
Percentyl według liczby udzielonych odpowiedzi
Twoja historia wyników
Nie rozwiązałeś tego quizu od ostatniego zresetowania